Traveling Europe Quiz Stats

 Plays Quiz Updated Feb 13, 2019

Support Sporcle.
Go Orange.
Score 0/20 Timer 06:00
10 Plays Today
Hint Country % Correct
????
97.3%
????
96.1%
????
81.1%
????
72.9%
????
71.6%
????
68.7%
????
67.9%
????
63.4%
????
61.6%
????
50.6%
Hint Country % Correct
????
47.7%
????
46.2%
????
43.9%
????
41.3%
????
37.2%
????
32.1%
????
30.9%
????
29.5%
????
29.3%
????
11.8%

From the Vault

Male Solo Artists by Picture IV

by minshkins

Music 6m
This quiz brought to you by me, myself and I.
Remove Ads.
Support Sporcle.
Get the best of Sporcle when you Go Orange. This ad-free experience offers more features, more stats, and more fun while also helping to support Sporcle. Thank you for becoming a member.

Show Comments

Extras

Top Quizzes Today


Score Distribution

Your Account Isn't Verified!

In order to create a playlist on Sporcle, you need to verify the email address you used during registration. Go to your Sporcle Settings to finish the process.

Report this User

Report this user for behavior that violates our Community Guidelines.

Details: